000 00543nam a2200181Ia 4500
005 20250326140356.0
008 250326s9999 xx 000 0 und d
037 _aTextbook
040 _aFMSL
_beng
_cFMSL
041 _aeng
_2eng
084 _aX651.73 P1
_qFMSL
100 _aSaunders A
_9735164
245 0 _aFicial Markets and Institutions: modern perspective
_cSaunders A; Cornett M M
260 _aBoston
_bBoston, McGraw-Hill Irwin
_c2001
300 _axxiv,723
942 _cTB
_hX651.73 P1
999 _c1285494
_d1285494